Menová politika ECB v súčasnom období

Úloha Európskej centrálnej banky (ECB) v zabezpečení cenovej stability a finančnej stability v eurozóne. Hlavné nástroje menovej politiky ECB – operácie na voľnom trhu, automatické operácie a povinné minimálne rezervy, ako aj úrokové sadzby vyhlasované Eurosystémom. Kľúčová tendencia prechodu ECB na...

ver descrição completa

Na minha lista:
Detalhes bibliográficos
Autor principal: Gonda, Vladimír
Formato: Capítulo de Livro
Idioma:eslovaco
Assuntos:
Tags: Adicionar Tag
Sem tags, seja o primeiro a adicionar uma tag!

MARC

LEADER 00000nla a2200000 4500
001 0240514
005 20240712105740.9
041 0 |a slo 
044 |a SK 
245 1 0 |a Menová politika ECB v súčasnom období  |c Vladimír Gonda 
520 |a Úloha Európskej centrálnej banky (ECB) v zabezpečení cenovej stability a finančnej stability v eurozóne. Hlavné nástroje menovej politiky ECB – operácie na voľnom trhu, automatické operácie a povinné minimálne rezervy, ako aj úrokové sadzby vyhlasované Eurosystémom. Kľúčová tendencia prechodu ECB na neštandardné nástroje, predovšetkým kvantitatívne uvoľňovanie, z dôvodu deflačných tlakov a stagnácie. 
610 2 0 |a banky centrálne 
610 2 0 |a politika menová 
610 2 0 |a sadzby úrokové 
610 2 0 |a inflácia 
610 2 0 |a miera inflácie 
610 2 0 |a deflácia 
610 2 0 |a eurozóna 
610 2 0 |a Európska únia 
100 1 |a Gonda, Vladimír